000 01437cam a22004098a 4500
001 50659
005 20230411090004.0
008 050214s2005 nyu f b 001 0 eng
035 _a(OCoLC)ocm58832319
040 _aUKM
_cUKM
_dBAKER
015 _aGBA515545
_2bnb
016 7 _a013118140
_2Uk
020 _a0231135645 (hbk.)
020 _a9780231135641 (hbk.)
020 _a0231509634 (pbk.)
020 _a9780231509633 (pbk.)
035 _a(OCoLC)58832319
082 0 4 _a327.7305109045
_222
049 _aGRAL
245 0 0 _aDangerous strait :
_bthe U.S.-Taiwan-China crisis /
_cedited by Nancy Bernkopf Tucker.
260 _aNew York ;
_aChichester :
_bColumbia University Press,
_c2005.
263 _a200504
300 _a288 p.
504 _aIncludes bibliographical references and index.
651 0 _aUnited States
_xForeign relations
_zChina.
651 0 _aChina
_xForeign relations
_zUnited States.
651 0 _aUnited States
_xForeign relations
_zTaiwan.
651 0 _aTaiwan
_xForeign relations
_zUnited States.
651 0 _aChina
_xForeign relations
_zTaiwan.
651 0 _aTaiwan
_xForeign relations
_zChina.
651 0 _aTaiwan Strait
_xStrategic aspects.
700 1 _aTucker, Nancy Bernkopf.
938 _aBaker & Taylor
_bBKTY
_c39.50
_d39.50
_i0231135645
_n0006132083
_sactive
938 _aBaker & Taylor
_bBKTY
_c24.50
_d24.50
_i0231135653
_n0007554925
_sactive
942 _2lcc
_cbk
994 _aC0
_bDRFGD
999 _c110492
_d110492